000 00266 a2200121 4500
001 86514
082 _a398.2 AQE
090 _c40687
_d40687
100 _aAqeel Ahmed Robi
245 _aFahian
_hUrdu
260 _aIslamabad
_bLok Virsa
_cIslamabad
300 _a174p.
942 _aCAENUST
_k398.2 AQE
999 _c321587
_d321587